000 00341nam a2200133Ia 4500
008 150202s9999 xx 000 0 und d
020 _a451180127
050 _aFIC
_bFIC
100 _aNorman, Hilary.
245 _aLaura /
_cHilary Norman.
260 _aUSA :
_bSignet Books,
_c1994.
300 _a479 pages :
_c18 cm.
650 _aFiction.
999 _c282285
_d282285